000
00285nam a22001337a 4500
008
170904b xxu||||| |||| 00| 0 eng d
020
_a
9780521313414
041
_a
eng
080
_a
070
100
_a
40
101
_a
MED
245
_a
THE LOGICOFREAL
_c
FISHER.A
942
_2
udc
_c
BK
999
_c
26074
_d
26074